000 00202 a2200097 4500
001 15117
100 _a
245 _aAn economic geography
260 _aLondon
_bElactnic sons
_c
090 _c11867
_d11867
942 _aNUST-CAE
_cM
_c2077
999 _c250190
_d250190